التصوف الإسلامي : (رقم التسجيلة. 88661)

تفاصيل مارك
000 -الفاتح
عناصر البيانات ثابتة الطول 00803cam a2200205 i 4500
005 - تاريخ ووقت آخر معاملة
حقل ضبط 20251230103354.0
008 - عناصر البيانات ثابتة الطول
عناصر البيانات ثابتة الطول 250721s2004 jo gr 000 0 ara d
020 ## - الترقيم الدولي المعياري للكتب (ردمك)
الترقيم الدولي المعياري للكتب (ردمك) 9957410156
082 14 - رقم تصنيف ديوي العشري
رقم التصنيف 218.9
رقم المادة أ ح م
100 1# - مدخل رئيسي – اسم شخصي
الاسم الشخصي أحمد، عزمي طه السيد
علاقة الشخص بالعمل/ دوره مؤلف.
245 12 - بيان العنوان
العنوان التصوف الإسلامي :
بقية العنوان حقيقته وتاريخه ودوره الحضاري /
بيان المسؤولية الأستاذ الدكتور عزمي طه السيد أحمد.
250 ## - بيان الطبعة
بيان الطبعة الطبعة الأولى.
264 31 - بيانات النشر، التوزيع…إلخ
مكان النشر، التوزيع...إلخ عمان :
اسم الناشر، الموزع...إلخ المؤسسة العربية للنشر والتوزيع،
تاريخ النشر، التوزيع...إلخ 2004.
300 ## - الوصف المادي
عدد الوحدات المكونة للوعاء 216 صفحة.
490 0# - بيان السلسلة
عنوان السلسلة دراسات حضارية ؛
رقم الوعاء في السلسلة رقم 4.
650 17 - مدخل إضافي بالموضوع - مصطلح موضوعي
مصطلح موضوعي أو اسم جغرافي كعنصر مدخل التصوف الإسلامي.
830 #0 - مدخل إضافي بالسلسلة-عنوان مقنن
عنوان السلسسلة دراسات حضارية.
942 ## - بيانات إضافية (كوها)
نوع التنصيف Dewey Decimal Classification
نوع المادة (كوها) كتب
المقتنيات
حالة السحب حالة الفقدان مصدر التصنيف حالة التلف غير قابل للإعارة المكتبة الرئيسية المكتبة الحالية موقع الرف تاريخ التزويد الرقم المتسلسل Total Checkouts رقم الإستدعاء الباركود تاريخ آخر ظهور تاريخ الفاتورة نوع المادة (كوها) العملة
    Dewey Decimal Classification     المكتبة المركزية المكتبة المركزية الإعارة 28/07/2025 635705   218.9 / أ ح م 635705 28/07/2025 28/07/2025 كتب  
    Dewey Decimal Classification     المكتبة المركزية المكتبة المركزية مقتنيات قسم التزويد 28/07/2025 635706   218.9/أحم 635706 28/07/2025 28/07/2025 كتب  
    Dewey Decimal Classification     المكتبة المركزية المكتبة المركزية الإعارة 28/07/2025 635701   218.9/أحم 635701 28/07/2025 28/07/2025 كتب  
    Dewey Decimal Classification     المكتبة المركزية المكتبة المركزية   30/12/2025 535704   218.9 أ ح م PLD535704 30/12/2025 30/12/2025 كتب JOD
    Dewey Decimal Classification     المكتبة المركزية المكتبة المركزية   30/12/2025 635702   218.9 أ ح م PLD635702 30/12/2025 30/12/2025 كتب JOD
    Dewey Decimal Classification     مكتبة أم قصير والمقابلين العامة مكتبة أم قصير والمقابلين العامة الإعارة 28/07/2025 635745   218.9/أحم 635745 28/07/2025 28/07/2025 كتب  
    Dewey Decimal Classification     مكتبة الأميرة ايمان العامة مكتبة الأميرة ايمان العامة الإعارة 28/07/2025 635737   218.9/أحم 635737 28/07/2025 28/07/2025 كتب  
    Dewey Decimal Classification     مكتبة الجويدة مكتبة الجويدة الإعارة 28/07/2025 635741   218.9/أحم 635741 28/07/2025 28/07/2025 كتب  
    Dewey Decimal Classification     مكتبة الحسن العامة مكتبة الحسن العامة الإعارة 28/07/2025 635742   218.9/أحم 635742 28/07/2025 28/07/2025 كتب  
    Dewey Decimal Classification     مكتبة النصر العامة مكتبة النصر العامة الإعارة 28/07/2025 635748   218.9/أحم 635748 28/07/2025 28/07/2025 كتب  
    Dewey Decimal Classification     مكتبة حمزة العامة مكتبة حمزة العامة الإعارة 28/07/2025 635743   218.9/أحم 635743 28/07/2025 28/07/2025 كتب  
    Dewey Decimal Classification     مكتبة صويلح العامة مكتبة صويلح العامة الإعارة 16/02/2016 635738   218.9/أحم PLD00374407 28/07/2025 16/02/2016 كتب  
    Dewey Decimal Classification     مكتبة وادي السير العامة مكتبة وادي السير العامة الإعارة 28/07/2025 635747   218.9/أحم 635747 28/07/2025 28/07/2025 كتب  
Implemented & Customized by: BBB with SCIT (Smart Chains for Information Technology)

Powered by Koha